000 00856nam a2200205 a 4500
001 50097
005 20180714035036.0
008 140415d 000 0 spa d
020 _a0131988476
041 _aspa
082 _a005.133
_bESA
100 1 _aESAKOV, JEFFREY
245 1 0 _aDATA ESTRUCTURES :
_bAN ADVANCED APPROACH USUNG C
250 _a1a ed.
260 _a[s.l.] :
_bPRENTICE-HALL, INC.,
_c[s.f.]
300 _a750
_c23.3 x 17.4 x 2.1
520 _aTHIS UP-TO-DATE TREATMENT OF DATA STRUCTURES PRESENTS TECHNIQUES FOR WRITING VERSATILE, PORTABLE, AND READABLE C PROGRAMAS . THROUGHOUT, THE AUTHORS EMPHASIZE MODERN PROGRAMMING PRACTICES SUCH AS DYNAMIC MEMORY ALLOCATION, RECURSION, DATA ABSTRACTION, AND POLYMORPHIC DATA STRUCTURES
650 1 4 _aPROGRAMACION (COMPUTADORES ELECTRICOS)
700 1 _aWEISS, TOM
_ecoaut.
999 _c50097
_d50097